000 00677nam a2200181Ia 4500
008 100921s9999 xx 000 0 und d
082 _b9435
_a920.72 थ 68
100 _aटिळक देवदत्त नारायण संपा.
245 _aस्मृतीचित्रे.
260 _bसाहित्य अकादमी,नवी दिल्ली.
_c1968
300 _a368
_b---
365 _b6
520 _aचरित्रे-स्त्रयिा.
630 _aस्मृतीचित्रे.
650 _aचरित्रे-स्त्रयिा.
730 _aस्मृतीचित्रे.
942 _cBOOK
999 _c758548
_d758545